banner koha

Orchidaceae no município de Caldas Novas, Goiás, Brasil (Registro n. 329959)

MARC details
000 -LÍDER
fixed length control field 02599nab a2200265 i 4500
003 - CÓDIGO MARC DA AGÊNCIA CATALOGADORA
Campo de controle BR-BrBNA
005 - DATA E HORA DA ÚLTIMA ATUALIZAÇÃO
Campo de controle 20250213130259.0
008 - CAMPO DE TAMANHO FIXO
fixed length control field 250213b2013 bl.qr|pooa||| 00| 0 por |
040 ## - FONTE DA CATALOGAÇÃO
Agência catalogadora BR-BrBNA
Idioma da catalogação por
072 ## - CATEGORIA AGRIS
Código AGRIS F70
100 ## - ENTRADA PRINCIPAL - NOME PESSOAL
Nome pessoal Hall, Climbiê Ferreira
100 ## - ENTRADA PRINCIPAL - NOME PESSOAL
Nome pessoal Klein, Vera Lúcia Gomes
100 ## - ENTRADA PRINCIPAL - NOME PESSOAL
Nome pessoal Barros, Fábio de
245 ## - TÍTULO PRINCIPAL
Título principal Orchidaceae no município de Caldas Novas, Goiás, Brasil
500 ## - NOTA GERAL
Nota geral Publicação on-line; 43 ref.; 4 illus.; Summaries (En, Pt)
942 ## - ADDED ENTRY ELEMENTS (KOHA)
Koha item type Analítica
520 ## - NOTA DE RESUMO
Nota de conteúdo <br/><br/>Resumo<br/><br/>O presente estudo teve como objetivo inventariar as espécies de Orchidaceae ocorrentes no município de<br/>Caldas Novas. Para tanto, foram realizadas coletas mensais, durante o ano de 2008 (exceto entre setembro e<br/>novembro). Paralelamente aos trabalhos de campo foram realizados levantamentos nos herbários CEN, IBGE,<br/>UB e UFG. São apresentados chave de identificação, descrições morfológicas, comentários e ilustrações das<br/>espécies. Foram registrados 15 gêneros e 28 espécies de Orchidaceae na área. Os gêneros que apresentaram<br/>maior número de espécies foram Epidendrum e Habenaria (seis espécies cada), seguidos por Cleistes (três), e <br/>Cyrtopodium (duas). Cinco espécies listadas são novas ocorrências para Goiás, mostrando a necessidade<br/>de inventários florísticos no estado.<br/><br/>Palavras-chave: Cerrado, florística, orquídea, taxonomia.<br/><br/><br/><br/><br/>Abstract<br/><br/>The aim of this study was to inventory the species of Orchidaceae occurring in Caldas Novas. We conducted<br/>monthly collections during 2008 (except from September to November). Parallel to the fieldwork, surveys<br/>were done in the herbaria CEN, IBGE, UB and UFG. We present an identification key, morphological<br/>descriptions, comments and illustrations of the species. We recorded 15 genera and 28 species of Orchidaceae<br/>in the area. The genera with more species were Epidendrum and Habenaria (six species each), followed by<br/>Cleistes (three), and Cyrtopodium (two). Five species are new records for the state of Goiás, showing that<br/>floristic inventories in the state are still needed.<br/><br/>Keywords: “Cerrado”, floristics, orchids, taxonomy.
650 ## - ASSUNTO - THESAGRO
Cabeçalho tópico ou nome geográfico CERRADO
650 ## - ASSUNTO - THESAGRO
Cabeçalho tópico ou nome geográfico COMPOSIÇÃO BOTÂNICA
650 ## - ASSUNTO - THESAGRO
Cabeçalho tópico ou nome geográfico TAXONOMIA
650 ## - ASSUNTO - THESAGRO
Cabeçalho tópico ou nome geográfico ORQUÍDEA
773 0# - ENTRADA ANALÍTICA
Host Biblionumber 709
Registro do item 348387
Imprenta Rio de Janeiro-RJ Jardim Botanico do Rio de Janeiro 1935
Outro identificador 2025-0880
Título Rodriguésia (Brazil)
ISSN 0370-6583; 2175-7860 on-line
Colação v. 64(4) p. 685-704; (2013)
Número de controle de registro BR2024004140
856 ## - ACESSO E ENDEREÇO ELETRÔNICO
Identificador uniforme de recurso - URI https://www.scielo.br/j/rod/a/GbGqwqLf4Cs3CYLYFLBLWHJ/?format=pdf&lang=pt

Nenhum exemplar disponível.

BINAGRI

Telefone: (61)3218-2567/2388/3357/2097 - binagri@agro.gov.br

Ministério da Agricultura e Pecuária , Esplanada dos Ministérios, Bloco D, Anexo B, Brasília/DF, CEP: 70.043-900